Biggest Cities and Towns in England on a Map - Statistics

General Stats
  • This quiz has been taken 1,342 times
  • The average score is 15 of 20
Answers on the Map
Answers color-coded by a green-red scale on the quiz's map according to % correct below.
 
Answer Stats
Pop City or Town % Correct
8.99 M London
100%
583 K Liverpool
97%
557 K Manchester
97%
1.15 M Birmingham
94%
285 K Newcastle upon Tyne
87%
507 K Leeds
86%
576 K Bristol
84%
269 K Southampton
77%
244 K Brighton and Hove
76%
549 K Sheffield
73%
313 K Nottingham
71%
240 K Plymouth
71%
473 K Leicester
69%
288 K Kingston upon Hull
64%
249 K Portsmouth
64%
375 K Coventry
54%
363 K Bradford
52%
264 K Derby
52%
230 K Reading
50%
277 K Stoke-on-Trent
49%
No matching quizzes found
Score Distribution
Percent of People with Each Score
Percentile by Number Answered
Your Score History
You have not taken this quiz